| 000 | 01311cam a2200337 a 4500 | ||
|---|---|---|---|
| 999 |
_c29291 _d29262 |
||
| 001 | 15503158 | ||
| 003 | EG-ScBUE | ||
| 005 | 20210802100834.0 | ||
| 008 | 081029s2009 enka f b 001 0 eng d | ||
| 020 | _a9780521518451 (hardback) | ||
| 035 | _a(OCoLC)ocn265740376 | ||
| 040 |
_aDLC _beng _erda _cDLC _dYDXCP _dBTCTA _dYDX _dC#P _dBWX _dCDX _dDLC _dEG-ScBUE |
||
| 043 | _an-us--- | ||
| 082 | 0 | 4 |
_a363.3251630973 _bTRE _222 |
| 100 | 1 |
_aTreverton, Gregory F., _eauthor. |
|
| 245 | 1 | 0 |
_aIntelligence for an age of terror / _cGregory F. Treverton, Rand Cororation. |
| 264 | 1 |
_aCambridge : _bCambridge University Press, _c2009. |
|
| 300 |
_axii, 306 pages : _billustrations ; _c24 cm |
||
| 336 |
_2rdacontent _atext _btxt |
||
| 337 |
_2rdamedia _aunmediated _bn |
||
| 338 |
_2rdacarrier _avolume _bnc |
||
| 504 | _aIncludes bibliographical references and index. | ||
| 650 | 7 |
_aIntelligence service _zUnited States. _2BUEsh |
|
| 650 | 7 |
_aTerrorism _xGovernment policy _zUnited States. _2BUEsh |
|
| 653 |
_bGGEN _cAugust2021 |
||
| 655 |
_vReading book _934232 |
||
| 906 |
_a7 _bcbc _corignew _d1 _eecip _f20 _gy-gencatlg |
||
| 942 |
_2ddc _cBB |
||